000 00504nam a2200181Ia 4500
008 151018s9999 xx 000 0 und d
082 _bRBASDV51497
_a891.463
100 _aगोविंद केळकर
245 _aगहिवर
250 _b1
260 _bप्रथमेश
_c2009
300 _a160
600 _aगोविंद केळकर
630 _aगहिवर
700 _aगोविंद केळकर
730 _aगहिवर
942 _cBOOK
999 _c1050362
_d1050359